00598nam a2200157 a 450000500170000000800410001702000180005805000260007610000170010224501310011926000460025030000290029652100080032565000640033365000430039720140311163040.0111018s19uu xx 00 eng d a9780826434654 aLC 4096.G7b.V59 2009 aVizard, Dave aMeeting needs of disaffected students :bengaging students with social, emotional and behavioural difficulties /cDave Vizard. aLondon :bContinuum International,c2009. a122 p. :bill. ;c24 cm. aEDU aChildren with social disabilitiesxEducationxGreat Britain aMotivation in educationxGreat Britain